| 000 | 01240nam a2200301 c 4500 | ||
|---|---|---|---|
| 003 | BLK | ||
| 005 | 20230724111548.0 | ||
| 008 | 180411b bul|||||r ||||||| ||bul|| | ||
| 010 | _aKNG00178012000 | ||
| 040 | _aBLK | ||
| 041 |
_aBUL _cBUL |
||
| 080 |
_aБългарска литература _b821.163.2 _x-93-31 _z821.163.2-93-31 |
||
| 100 | 1 |
_aЛижев, Тошо Димитров _eпърви автор _988744 |
|
| 700 | 1 |
_aГаздов, Иван Едуард _950588 |
|
| 139 |
_aЛижев, Тошо Димитров _bЛ 55 |
||
| 245 | 1 | 0 |
_aОмайко и Умейко в чудни премеждия и патила на 11 планети и на още някои места _bРоман-приказка за малки и големи _cТошо Димитров Лижев; худож. Иван Едуард Газдов. |
| 257 | _aBGR | ||
| 260 |
_аСофия _bОтечество _c1980 |
||
| 300 |
_a296 с. _bс ил. _c17 см |
||
| 380 | _aDX | ||
| 490 | 1 | _aФантастика | |
| 852 | _aЦб І 17912 | ||
| 856 | 4 |
_qpdf _u |
|
| 856 | 4 |
_qpdf _u |
|
| 942 |
_cKNG _n0 |
||
| 944 |
_aCR _c09.07.2015 _k30560 _lГеновева Генчева |
||
| 944 |
_aED _c09.07.2015 _kТеодора_Стоянова |
||
| 999 |
_c169946 _d169946 |
||